[Event "II Torneio Aberto Internacional de Xadrez de Ferreira do Alentejo"]
[Site "Ferreira do Alentejo - Portugal"]
[Date "2019.12.17"]
[Round "1.1"]
[White "Alekseev, Evgeny"]
[Black "Guerreiro, Nuno"]
[Result "1-0"]
[BlackElo "2083"]
[WhiteElo "2620"]
[LiveChessVersion "1.4.8"]

1. e4 {[%clk 1:30:57]} Nc6 {[%clk 1:30:55]} 2. Nf3 {[%clk 1:29:08]} Nf6
{[%clk 1:30:31]} 3. e5 {[%clk 1:27:48]} Ng4 {[%clk 1:30:54]} 4. d4
{[%clk 1:26:59]} d6 {[%clk 1:31:18]} 5. h3 {[%clk 1:25:05]} Nh6 {[%clk 1:31:39]}
6. exd6 {[%clk 1:17:31]} Qxd6 {[%clk 1:29:35]} 7. Na3 {[%clk 1:13:51]} a6
{[%clk 1:27:31]} 8. Nc4 {[%clk 1:11:54]} Qd5 {[%clk 1:20:08]} 9. Ne3
{[%clk 1:07:14]} Qd6 {[%clk 1:18:30]} 10. c3 {[%clk 1:04:31]} g6 {[%clk 1:05:59]}
11. Nc4 {[%clk 1:00:52]} Qd5 {[%clk 1:05:57]} 12. Be2 {[%clk 1:00:24]} Bg7
{[%clk 0:59:31]} 13. Bf4 {[%clk 1:00:24]} Qd8 {[%clk 0:58:17]} 14. g4
{[%clk 0:56:00]} Ng8 {[%clk 0:53:53]} 15. d5 {[%clk 0:54:57]} Na7
{[%clk 0:51:47]} 16. Qd2 {[%clk 0:51:32]} Nf6 {[%clk 0:47:55]} 17. O-O-O
{[%clk 0:48:22]} O-O {[%clk 0:46:57]} 18. g5 {[%clk 0:41:40]} Ne4
{[%clk 0:44:00]} 19. Qe3 {[%clk 0:39:04]} Nd6 {[%clk 0:43:12]} 20. h4
{[%clk 0:39:09]} Nf5 {[%clk 0:37:09]} 21. Qd2 {[%clk 0:28:23]} Nb5
{[%clk 0:31:55]} 22. Qc2 {[%clk 0:22:15]} Nbd6 {[%clk 0:28:02]} 23. h5
{[%clk 0:20:02]} Rb8 {[%clk 0:25:57]} 24. hxg6 {[%clk 0:17:32]} hxg6
{[%clk 0:26:13]} 25. Nce5 {[%clk 0:15:48]} Re8 {[%clk 0:22:04]} 26. Ng4
{[%clk 0:08:47]} Bd7 {[%clk 0:15:43]} 27. Be5 {[%clk 0:06:12]} f6
{[%clk 0:14:28]} 28. Bf4 {[%clk 0:06:34]} Qc8 {[%clk 0:14:03]} 29. Rdg1
{[%clk 0:06:10]} Kf8 {[%clk 0:12:10]} 30. Bd3 {[%clk 0:05:05]} Qd8
{[%clk 0:10:22]} 31. Ne3 {[%clk 0:04:05]} Kf7 {[%clk 0:08:45]} 32. Bxd6 cxd6
{[%clk 0:06:50]} 33. Nxf5 {[%clk 0:02:00]} gxf5 {[%clk 0:07:11]} 34. Bxf5
{[%clk 0:01:44]} Rh8 {[%clk 0:05:12]} 35. Bxd7 {[%clk 0:01:22]} Qxd7
{[%clk 0:05:27]} 36. gxf6 {[%clk 0:01:44]} 1-0

[Event "II Torneio Aberto Internacional de Xadrez de Ferreira do Alentejo"]
[Site "Ferreira do Alentejo - Portugal"]
[Date "2019.12.17"]
[Round "1.2"]
[White "Schmitz, Andreas Arnold"]
[Black "Chatalbashev, Boris"]
[Result "0-1"]
[BlackElo "2542"]
[WhiteElo "2013"]
[LiveChessVersion "1.4.8"]

1. e4 {[%clk 1:30:56]} g6 {[%clk 1:30:55]} 2. Bc4 {[%clk 1:30:46]} Bg7
{[%clk 1:30:54]} 3. Nc3 {[%clk 1:29:45]} d6 {[%clk 1:30:56]} 4. d3
{[%clk 1:28:13]} Nf6 {[%clk 1:31:13]} 5. Bg5 {[%clk 1:24:57]} c6 {[%clk 1:31:03]}
6. Qd2 {[%clk 1:23:26]} b5 {[%clk 1:30:36]} 7. Bb3 {[%clk 1:17:49]} h6
{[%clk 1:30:54]} 8. Be3 {[%clk 1:11:21]} Ng4 {[%clk 1:30:48]} 9. Nxb5
{[%clk 1:06:58]} cxb5 {[%clk 1:27:44]} 10. Bd5 {[%clk 1:07:17]} Qc7
{[%clk 1:28:07]} 11. Bxa8 {[%clk 0:58:56]} Bxb2 {[%clk 1:28:07]} 12. Ne2
{[%clk 0:58:09]} Bxa1 {[%clk 1:28:04]} 13. c3 {[%clk 0:52:27]} Nxe3
{[%clk 1:27:59]} 14. fxe3 {[%clk 0:52:41]} b4 {[%clk 1:28:06]} 15. cxb4
{[%clk 0:51:17]} Bg7 {[%clk 1:28:25]} 16. O-O {[%clk 0:51:36]} O-O
{[%clk 1:27:45]} 17. Rc1 {[%clk 0:51:55]} Qb6 {[%clk 1:27:14]} 18. a4
{[%clk 0:49:55]} Na6 {[%clk 1:25:44]} 19. b5 {[%clk 0:41:13]} Nc5
{[%clk 1:25:54]} 20. Rc4 {[%clk 0:40:15]} Nb3 {[%clk 1:22:35]} 0-1

[Event "II Torneio Aberto Internacional de Xadrez de Ferreira do Alentejo"]
[Site "Ferreira do Alentejo - Portugal"]
[Date "2019.12.17"]
[Round "1.3"]
[White "Malakhatko, Vadim"]
[Black "Wesslen, Ulf"]
[Result "1-0"]
[BlackElo "1932"]
[WhiteElo "2470"]
[LiveChessVersion "1.4.8"]

1. c4 {[%clk 1:30:48]} c5 {[%clk 1:30:43]} 2. g3 {[%clk 1:30:43]} Nc6
{[%clk 1:30:35]} 3. Bg2 {[%clk 1:31:03]} Nf6 {[%clk 1:29:51]} 4. Nc3
{[%clk 1:31:18]} e6 {[%clk 1:29:21]} 5. Nf3 {[%clk 1:31:40]} Be7 {[%clk 1:28:10]}
6. d4 {[%clk 1:31:42]} cxd4 {[%clk 1:25:21]} 7. Nxd4 {[%clk 1:32:06]} O-O
{[%clk 1:25:08]} 8. O-O {[%clk 1:32:29]} Qc7 {[%clk 1:22:12]} 9. Ndb5
{[%clk 1:32:01]} Qb8 {[%clk 1:22:07]} 10. Bf4 {[%clk 1:32:20]} e5
{[%clk 1:21:40]} 11. Bg5 {[%clk 1:32:41]} a6 {[%clk 1:20:28]} 12. Bxf6
{[%clk 1:33:05]} gxf6 {[%clk 1:14:20]} 13. Na3 {[%clk 1:30:35]} d6
{[%clk 1:10:55]} 14. Nc2 {[%clk 1:30:22]} Be6 {[%clk 1:09:34]} 15. Ne3
{[%clk 1:30:44]} Rc8 {[%clk 1:08:20]} 16. Ned5 {[%clk 1:30:54]} Bd8
{[%clk 1:07:33]} 17. e3 {[%clk 1:24:49]} Kg7 {[%clk 1:01:14]} 18. Qh5
{[%clk 1:24:03]} Ne7 {[%clk 1:00:14]} 19. b3 {[%clk 1:18:55]} Ra7
{[%clk 0:57:31]} 20. Nxe7 {[%clk 1:16:58]} Bxe7 {[%clk 0:57:18]} 21. a4
{[%clk 1:14:52]} Rg8 {[%clk 0:52:10]} 22. Be4 {[%clk 1:14:40]} h6
{[%clk 0:48:35]} 23. Bf5 {[%clk 1:13:53]} Qc8 {[%clk 0:46:49]} 24. e4
{[%clk 1:13:59]} b6 {[%clk 0:43:37]} 25. Nd5 {[%clk 1:08:38]} Bd8
{[%clk 0:43:16]} 26. Rfd1 {[%clk 1:08:55]} Bxf5 {[%clk 0:41:53]} 27. exf5
{[%clk 1:08:07]} Kh7 {[%clk 0:40:57]} 28. Qf3 {[%clk 1:08:28]} Rd7
{[%clk 0:37:28]} 29. Nc3 {[%clk 1:07:09]} Be7 {[%clk 0:35:42]} 30. Rd5
{[%clk 1:07:27]} Qa8 {[%clk 0:33:54]} 31. Kg2 {[%clk 1:07:42]} Qc6
{[%clk 0:32:46]} 32. Re1 {[%clk 1:07:47]} Rdd8 {[%clk 0:31:42]} 33. Re4
{[%clk 1:07:57]} Qd7 {[%clk 0:30:29]} 34. Rh4 {[%clk 1:03:37]} Rg5
{[%clk 0:29:04]} 35. g4 {[%clk 1:04:02]} Rdg8 {[%clk 0:29:10]} 36. Kf1
{[%clk 1:04:21]} Rh8 {[%clk 0:11:56]} 37. Ne4 {[%clk 1:04:43]} Rgg8
{[%clk 0:12:03]} 38. Rxd6 {[%clk 1:03:50]} 1-0

[Event "II Torneio Aberto Internacional de Xadrez de Ferreira do Alentejo"]
[Site "Ferreira do Alentejo - Portugal"]
[Date "2019.12.17"]
[Round "1.4"]
[White "Schmitz, Manuela"]
[Black "Maksimenko, Andrei"]
[Result "0-1"]
[BlackElo "2463"]
[WhiteElo "1914"]
[LiveChessVersion "1.4.8"]

1. d4 {[%clk 1:30:57]} Nf6 {[%clk 1:30:49]} 2. Nf3 {[%clk 1:31:21]} d5
{[%clk 1:30:37]} 3. c4 {[%clk 1:31:41]} e6 {[%clk 1:30:37]} 4. Bg5
{[%clk 1:30:31]} h6 {[%clk 1:28:54]} 5. Bxf6 {[%clk 1:28:50]} Qxf6
{[%clk 1:29:10]} 6. e3 {[%clk 1:28:29]} Nd7 {[%clk 1:26:09]} 7. Nc3
{[%clk 1:26:06]} c6 {[%clk 1:26:27]} 8. Qc2 {[%clk 1:19:59]} g6 {[%clk 1:24:04]}
9. Rd1 {[%clk 1:16:37]} Qe7 {[%clk 1:09:02]} 10. e4 {[%clk 1:14:33]} dxe4
{[%clk 1:00:58]} 11. Qxe4 {[%clk 1:13:27]} Bg7 {[%clk 0:59:40]} 12. Be2
{[%clk 1:12:09]} e5 {[%clk 0:52:08]} 13. d5 {[%clk 1:09:55]} f5 {[%clk 0:49:34]}
14. Qc2 {[%clk 1:09:17]} O-O {[%clk 0:34:53]} 15. Qd2 {[%clk 1:04:23]} e4
{[%clk 0:16:02]} 16. Nd4 {[%clk 1:04:25]} Ne5 {[%clk 0:16:00]} 17. O-O
{[%clk 1:01:19]} Bd7 {[%clk 0:14:11]} 18. f3 {[%clk 1:01:17]} exf3
{[%clk 0:10:44]} 19. Nxf3 {[%clk 0:58:13]} Nxc4 {[%clk 0:09:46]} 20. Bxc4
{[%clk 0:52:45]} Qc5+ {[%clk 0:10:13]} 21. Nd4 {[%clk 0:52:07]} Qxc4
{[%clk 0:10:37]} 22. b3 {[%clk 0:49:59]} Qc5 {[%clk 0:09:10]} 23. Na4
{[%clk 0:47:22]} Qxd5 {[%clk 0:07:46]} 24. Qb4 {[%clk 0:47:11]} a5
{[%clk 0:04:11]} 25. Qc3 {[%clk 0:45:19]} Rad8 {[%clk 0:03:13]} 26. Nb6
{[%clk 0:43:30]} Qf7 {[%clk 0:03:25]} 27. Qxa5 {[%clk 0:43:15]} Be6
{[%clk 0:03:28]} 28. Qc5 {[%clk 0:42:09]} Bd5 {[%clk 0:03:23]} 29. Nxd5
{[%clk 0:39:50]} Rxd5 {[%clk 0:03:43]} 0-1

[Event "II Torneio Aberto Internacional de Xadrez de Ferreira do Alentejo"]
[Site "Ferreira do Alentejo - Portugal"]
[Date "2019.12.17"]
[Round "1.5"]
[White "Carrasco Martinez, Juan"]
[Black "Ramos, Alvaro Manuel Nobre"]
[Result "1-0"]
[BlackElo "1868"]
[WhiteElo "2385"]
[LiveChessVersion "1.4.8"]

1. e4 {[%clk 1:30:52]} c5 {[%clk 1:30:46]} 2. Nc3 {[%clk 1:31:15]} d6
{[%clk 1:31:04]} 3. f4 {[%clk 1:31:37]} e6 {[%clk 1:31:07]} 4. Nf3
{[%clk 1:31:59]} a6 {[%clk 1:30:52]} 5. g3 {[%clk 1:29:22]} Qc7 {[%clk 1:29:33]}
6. a4 {[%clk 1:27:47]} b6 {[%clk 1:29:10]} 7. Bg2 {[%clk 1:27:56]} Bb7
{[%clk 1:29:25]} 8. O-O {[%clk 1:28:00]} Nf6 9. d3 {[%clk 1:27:05]} Nbd7
{[%clk 1:28:00]} 10. h3 {[%clk 1:26:28]} h6 {[%clk 1:27:08]} 11. g4
{[%clk 1:26:14]} Be7 {[%clk 1:26:41]} 12. Qe2 {[%clk 1:25:54]} e5 13. Bd2
{[%clk 1:21:37]} Rc8 {[%clk 1:16:58]} 14. b3 {[%clk 1:19:03]} Bc6 15. fxe5 Nxe5
{[%clk 1:15:15]} 16. Nxe5 {[%clk 1:18:31]} dxe5 {[%clk 1:15:19]} 17. Nd1
{[%clk 1:17:45]} Bd7 {[%clk 1:11:58]} 18. Ne3 {[%clk 1:17:41]} O-O
{[%clk 1:08:08]} 19. h4 {[%clk 1:13:58]} Be6 {[%clk 1:03:12]} 20. Nf5
{[%clk 1:04:19]} Bxf5 21. Rxf5 Nh7 {[%clk 0:53:52]} 22. Bc3 {[%clk 1:02:45]} f6
{[%clk 0:52:46]} 23. Bf1 {[%clk 0:56:50]} Qd7 {[%clk 0:48:46]} 24. Qg2
{[%clk 0:55:40]} g6 {[%clk 0:46:59]} 25. Rf3 {[%clk 0:55:18]} Kg7
{[%clk 0:47:15]} 26. Kh1 {[%clk 0:54:52]} Rh8 {[%clk 0:45:37]} 27. Qg3
{[%clk 0:50:08]} Qd6 {[%clk 0:44:32]} 28. Bh3 {[%clk 0:49:20]} Rc7
{[%clk 0:44:01]} 29. Rg1 {[%clk 0:44:40]} g5 {[%clk 0:42:56]} 30. h5
{[%clk 0:43:34]} Rf8 {[%clk 0:42:09]} 31. Rf5 {[%clk 0:43:15]} Qd7
{[%clk 0:38:16]} 32. Rgf1 {[%clk 0:38:54]} Bd6 {[%clk 0:36:04]} 33. R5f2
{[%clk 0:38:27]} Rf7 {[%clk 0:33:45]} 34. Qf3 {[%clk 0:36:59]} a5
{[%clk 0:32:25]} 35. Bg2 {[%clk 0:37:12]} Rc6 {[%clk 0:31:18]} 36. Qf5
{[%clk 0:37:26]} Qxf5 {[%clk 0:31:17]} 37. exf5 {[%clk 0:37:54]} Rcc7
{[%clk 0:30:56]} 38. Bd2 {[%clk 0:34:01]} Rc8 {[%clk 0:30:15]} 39. Be3
{[%clk 0:34:15]} Rfc7 {[%clk 0:30:12]} 40. c3 {[%clk 0:33:45]} Nf8
{[%clk 0:29:58]} 41. Bd5 {[%clk 0:34:04]} Rd8 {[%clk 0:27:39]} 42. Kg2
{[%clk 0:34:04]} Be7 {[%clk 0:27:26]} 43. Bc4 {[%clk 0:33:55]} Bd6
{[%clk 0:26:16]} 44. Rd2 {[%clk 0:33:43]} Re7 {[%clk 0:25:58]} 45. Rfd1
{[%clk 0:33:49]} Bc7 {[%clk 0:25:42]} 46. Bg1 {[%clk 0:32:54]} Rd6
{[%clk 0:24:07]} 47. Bb5 {[%clk 0:32:36]} Rd8 {[%clk 0:24:11]} 48. d4
{[%clk 0:32:33]} exd4 {[%clk 0:24:11]} 49. cxd4 {[%clk 0:32:54]} Re4
{[%clk 0:22:16]} 50. Kh3 {[%clk 0:30:37]} Bf4 {[%clk 0:18:51]} 51. Rd3
{[%clk 0:30:19]} cxd4 {[%clk 0:18:28]} 52. Rxd4 {[%clk 0:29:58]} Rdxd4
{[%clk 0:18:06]} 53. Rxd4 {[%clk 0:30:20]} Re1 {[%clk 0:17:29]} 54. Bf2
{[%clk 0:26:45]} Re7 {[%clk 0:14:59]} 55. Kg2 {[%clk 0:25:38]} Rc7
{[%clk 0:13:55]} 56. Rc4 {[%clk 0:22:11]} Rxc4 {[%clk 0:13:29]} 57. bxc4
{[%clk 0:22:37]} Bc7 {[%clk 0:13:32]} 58. Be8 {[%clk 0:22:07]} Nh7
{[%clk 0:13:14]} 59. Bd4 {[%clk 0:21:32]} Bd8 {[%clk 0:12:43]} 60. Kf3
{[%clk 0:21:54]} Kf8 {[%clk 0:12:57]} 61. Bg6 {[%clk 0:22:17]} Kg7
{[%clk 0:13:19]} 62. Ke4 {[%clk 0:22:41]} Nf8 {[%clk 0:13:16]} 63. Be8
{[%clk 0:23:06]} Nh7 {[%clk 0:12:38]} 64. Kd5 {[%clk 0:23:27]} 1-0

[Event "II Torneio Aberto Internacional de Xadrez de Ferreira do Alentejo"]
[Site "Ferreira do Alentejo - Portugal"]
[Date "2019.12.17"]
[Round "1.6"]
[White "Tieres, Cristiano"]
[Black "Liu, Zhaoqi"]
[Result "0-1"]
[BlackElo "2380"]
[WhiteElo "1848"]
[LiveChessVersion "1.4.8"]

1. d4 Nf6 2. c4 c5 3. d5 e6 4. Nc3 {[%clk 1:31:35]} exd5 {[%clk 1:32:10]} 5. cxd5
{[%clk 1:32:01]} d6 {[%clk 1:32:37]} 6. e4 {[%clk 1:32:25]} g6 {[%clk 1:33:03]}
7. f4 {[%clk 1:32:52]} Bg7 {[%clk 1:33:31]} 8. Bb5+ {[%clk 1:33:17]} Nfd7
{[%clk 1:33:54]} 9. a4 {[%clk 1:33:42]} O-O {[%clk 1:34:20]} 10. Nf3
{[%clk 1:34:09]} Na6 {[%clk 1:34:45]} 11. O-O {[%clk 1:34:31]} Nb4
{[%clk 1:35:13]} 12. Re1 {[%clk 1:34:53]} a6 {[%clk 1:35:24]} 13. Bf1
{[%clk 1:35:18]} Re8 {[%clk 1:35:50]} 14. h3 {[%clk 1:32:41]} Nf6
{[%clk 1:27:24]} 15. Bc4 {[%clk 1:25:19]} Nh5 {[%clk 1:07:58]} 16. g4
{[%clk 1:20:16]} Nf6 {[%clk 1:08:07]} 17. e5 {[%clk 1:20:12]} Nxg4 18. hxg4
{[%clk 1:19:12]} Bxg4 {[%clk 1:08:07]} 19. e6 {[%clk 1:04:08]} Re7
{[%clk 0:28:59]} 20. f5 {[%clk 0:56:23]} gxf5 {[%clk 0:28:10]} 21. Bg5
{[%clk 0:56:25]} f6 {[%clk 0:27:05]} 22. Bf4 {[%clk 0:50:50]} Bf8
{[%clk 0:24:35]} 23. Kf2 {[%clk 0:43:05]} Rg7 {[%clk 0:24:13]} 24. Qe2
{[%clk 0:38:06]} Qe8 {[%clk 0:22:48]} 25. Rh1 {[%clk 0:38:19]} h5
{[%clk 0:21:52]} 26. Rag1 {[%clk 0:23:27]} Be7 {[%clk 0:22:21]} 27. Qd1
{[%clk 0:22:24]} Rb8 {[%clk 0:21:53]} 28. Be2 {[%clk 0:22:45]} c4
{[%clk 0:21:39]} 29. Bxc4 {[%clk 0:19:56]} b5 {[%clk 0:19:03]} 30. axb5
{[%clk 0:20:09]} axb5 {[%clk 0:19:32]} 31. Be2 {[%clk 0:20:29]} Na6
{[%clk 0:18:37]} 32. Nd4 {[%clk 0:15:16]} b4 {[%clk 0:19:05]} 33. Nb1
{[%clk 0:14:40]} Nc5 {[%clk 0:19:27]} 34. Bxg4 {[%clk 0:14:24]} fxg4
{[%clk 0:17:53]} 35. Nf5 {[%clk 0:11:31]} Qg6 {[%clk 0:16:52]} 36. Qc2
{[%clk 0:11:34]} Kf8 {[%clk 0:17:15]} 37. Nd2 {[%clk 0:11:30]} Rh7
{[%clk 0:16:42]} 38. Rc1 {[%clk 0:10:23]} b3 {[%clk 0:16:38]} 39. Qb1
{[%clk 0:09:43]} Rb4 {[%clk 0:16:47]} 40. Rc4 {[%clk 0:39:32]} g3+
{[%clk 0:44:46]} 41. Kg2 {[%clk 0:09:36]} Rxc4 {[%clk 0:14:29]} 42. Nxc4
{[%clk 0:09:51]} Qg4 {[%clk 0:14:22]} 43. Nxg3 {[%clk 0:05:38]} Rg7
{[%clk 0:14:01]} 44. Qa1 {[%clk 0:02:11]} Kg8 {[%clk 0:06:57]} 45. Qf1
{[%clk 0:01:43]} Ne4 {[%clk 0:05:24]} 46. Qf3 Nxg3 47. Bxg3 {[%clk 0:00:47]} Qxc4
{[%clk 0:05:38]} 48. Qxh5 {[%clk 0:01:02]} Qc2+ {[%clk 0:05:49]} 49. Kf1
{[%clk 0:01:06]} Qd3+ {[%clk 0:06:04]} 50. Ke1 {[%clk 0:00:37]} Qxg3+
{[%clk 0:06:31]} 51. Kf1 {[%clk 0:00:44]} Qf4+ {[%clk 0:06:43]} 52. Ke1
{[%clk 0:00:39]} Qc1+ {[%clk 0:05:57]} 53. Ke2 {[%clk 0:00:53]} Qxb2+
{[%clk 0:06:14]} 54. Ke1 {[%clk 0:01:02]} Qe5+ {[%clk 0:06:30]} 0-1

[Event "II Torneio Aberto Internacional de Xadrez de Ferreira do Alentejo"]
[Site "Ferreira do Alentejo - Portugal"]
[Date "2019.12.17"]
[Round "1.7"]
[White "Fernandes, Antonio"]
[Black "Santos, Isabel Pereira Dos"]
[Result "1-0"]
[BlackElo "1807"]
[WhiteElo "2361"]
[LiveChessVersion "1.4.8"]

1. e4 {[%clk 1:30:56]} c6 {[%clk 1:30:57]} 2. d3 {[%clk 1:31:01]} d5
{[%clk 1:31:21]} 3. Nd2 {[%clk 1:31:28]} g6 {[%clk 1:31:19]} 4. Ngf3
{[%clk 1:29:36]} Bg7 {[%clk 1:29:37]} 5. c3 {[%clk 1:28:59]} Bg4 {[%clk 1:26:19]}
6. Qb3 {[%clk 1:18:03]} b6 {[%clk 1:21:11]} 7. Be2 {[%clk 1:15:21]} e6
{[%clk 1:19:20]} 8. O-O {[%clk 1:13:54]} Ne7 {[%clk 1:17:03]} 9. Re1
{[%clk 1:03:18]} O-O {[%clk 1:16:19]} 10. h3 {[%clk 0:51:00]} Bxf3
{[%clk 1:15:14]} 11. Nxf3 {[%clk 0:50:42]} Nd7 {[%clk 1:09:29]} 12. Bf4
{[%clk 0:35:38]} e5 {[%clk 0:57:58]} 13. Bh2 {[%clk 0:35:51]} Nc5
{[%clk 0:58:08]} 14. Qc2 {[%clk 0:36:14]} f6 {[%clk 0:58:08]} 15. exd5
{[%clk 0:35:42]} cxd5 {[%clk 0:57:39]} 16. d4 {[%clk 0:35:46]} Nd7
{[%clk 0:48:15]} 17. dxe5 {[%clk 0:31:47]} fxe5 {[%clk 0:47:37]} 18. Rad1
{[%clk 0:21:46]} a6 {[%clk 0:38:08]} 19. Ng5 {[%clk 0:14:39]} Qb8
{[%clk 0:20:52]} 20. Ne6 {[%clk 0:13:30]} Rf7 {[%clk 0:18:59]} 21. Nxg7
{[%clk 0:13:55]} Kxg7 {[%clk 0:19:19]} 22. Bg4 {[%clk 0:13:43]} Nc6
{[%clk 0:15:57]} 23. Rxd5 {[%clk 0:12:48]} 1-0

[Event "II Torneio Aberto Internacional de Xadrez de Ferreira do Alentejo"]
[Site "Ferreira do Alentejo - Portugal"]
[Date "2019.12.17"]
[Round "1.8"]
[White "Avelino, Camila Biscaya"]
[Black "Figuero Toro, Julian Francisco"]
[Result "0-1"]
[BlackElo "2240"]
[WhiteElo "1774"]
[LiveChessVersion "1.4.8"]

1. e4 {[%clk 1:30:39]} g6 {[%clk 1:30:36]} 2. d4 {[%clk 1:29:39]} Bg7
{[%clk 1:31:01]} 3. Nf3 {[%clk 1:28:21]} d6 {[%clk 1:31:16]} 4. Bc4
{[%clk 1:24:39]} Nf6 {[%clk 1:31:17]} 5. Nc3 {[%clk 1:22:35]} O-O
{[%clk 1:30:23]} 6. O-O {[%clk 1:18:37]} Nxe4 {[%clk 1:30:09]} 7. Nxe4
{[%clk 1:14:55]} d5 {[%clk 1:30:30]} 8. Bd3 {[%clk 1:13:35]} dxe4
{[%clk 1:30:55]} 9. Bxe4 {[%clk 1:13:52]} Nd7 {[%clk 1:31:04]} 10. c3
{[%clk 1:12:05]} c5 {[%clk 1:29:52]} 11. dxc5 {[%clk 0:50:31]} Nxc5
{[%clk 1:30:11]} 12. Bc2 {[%clk 0:47:41]} Qc7 {[%clk 1:19:04]} 13. Be3
{[%clk 0:44:08]} Rd8 {[%clk 1:14:07]} 14. Qe2 {[%clk 0:38:40]} b6
{[%clk 1:12:57]} 15. Rab1 {[%clk 0:19:46]} Ba6 {[%clk 1:07:43]} 16. c4
{[%clk 0:19:11]} e5 {[%clk 0:57:43]} 17. Bxc5 {[%clk 0:08:42]} Qxc5
{[%clk 0:57:30]} 18. b3 {[%clk 0:07:50]} f5 {[%clk 0:56:29]} 19. Rfd1
{[%clk 0:07:12]} e4 {[%clk 0:55:46]} 20. Ne1 {[%clk 0:06:47]} Bd4
{[%clk 0:47:20]} 21. b4 {[%clk 0:00:57]} Qxc4 {[%clk 0:41:37]} 22. Bb3
{[%clk 0:01:15]} Qxb3 {[%clk 0:42:00]} 23. Qxa6 {[%clk 0:01:41]} Qf7
{[%clk 0:41:40]} 24. Nc2 {[%clk 0:00:40]} Bf6 {[%clk 0:39:45]} 25. Ne3 f4
{[%clk 0:30:53]} 26. Nc2 {[%clk 0:00:36]} e3 {[%clk 0:30:47]} 27. fxe3
{[%clk 0:00:48]} fxe3 {[%clk 0:31:15]} 28. Nxe3 {[%clk 0:00:33]} Bd4
{[%clk 0:30:39]} 29. Qe2 {[%clk 0:00:51]} Qf4 {[%clk 0:30:29]} 30. Rb3
{[%clk 0:00:33]} Bxe3+ {[%clk 0:30:44]} 31. Rxe3 {[%clk 0:00:31]} Rxd1+
{[%clk 0:31:07]} 32. Qxd1 {[%clk 0:00:46]} Qxe3+ {[%clk 0:31:28]} 33. Kh1
{[%clk 0:00:59]} 0-1

[Event "II Torneio Aberto Internacional de Xadrez de Ferreira do Alentejo"]
[Site "Ferreira do Alentejo - Portugal"]
[Date "2019.12.17"]
[Round "1.9"]
[White "Huhndorf, Arnold"]
[Black "Dong, Rafael"]
[Result "1-0"]
[BlackElo "1571"]
[WhiteElo "2220"]
[LiveChessVersion "1.4.8"]

1. d4 {[%clk 1:30:57]} d5 {[%clk 1:30:56]} 2. c4 {[%clk 1:31:20]} c6
{[%clk 1:31:22]} 3. Nf3 {[%clk 1:31:42]} Nf6 {[%clk 1:31:40]} 4. Nc3
{[%clk 1:32:04]} dxc4 {[%clk 1:32:01]} 5. a4 {[%clk 1:32:14]} Bf5
{[%clk 1:32:21]} 6. Ne5 {[%clk 1:32:36]} e6 {[%clk 1:30:55]} 7. f3
{[%clk 1:31:13]} h6 {[%clk 1:26:43]} 8. e4 {[%clk 1:31:22]} Bh7 {[%clk 1:26:59]}
9. Bxc4 {[%clk 1:30:32]} Nbd7 {[%clk 1:27:09]} 10. Nxd7 {[%clk 1:26:31]} Qxd7
{[%clk 1:27:11]} 11. O-O {[%clk 1:25:28]} Be7 {[%clk 1:27:15]} 12. Be3
{[%clk 1:24:31]} O-O {[%clk 1:27:27]} 13. a5 {[%clk 1:20:54]} Qc7
{[%clk 1:14:43]} 14. Qa4 {[%clk 1:10:43]} b6 {[%clk 0:55:06]} 15. axb6
{[%clk 1:09:52]} Qxb6 {[%clk 0:54:28]} 16. Qa2 {[%clk 0:58:06]} c5
{[%clk 0:53:00]} 17. Na4 {[%clk 0:53:38]} Qb4 {[%clk 0:52:29]} 18. Nxc5
{[%clk 0:53:26]} Bxc5 {[%clk 0:52:20]} 19. dxc5 {[%clk 0:53:48]} Nd7
{[%clk 0:52:30]} 20. Qa4 {[%clk 0:51:35]} Qxa4 {[%clk 0:52:34]} 21. Rxa4
{[%clk 0:51:56]} Rfc8 {[%clk 0:52:32]} 22. Ra5 {[%clk 0:47:51]} Rc7
{[%clk 0:45:06]} 23. Rfa1 {[%clk 0:44:02]} Bg6 {[%clk 0:41:07]} 24. b4
{[%clk 0:43:53]} Ne5 {[%clk 0:40:39]} 25. Be2 {[%clk 0:43:11]} Nc6
{[%clk 0:37:32]} 26. R5a4 {[%clk 0:43:19]} Rb8 {[%clk 0:37:33]} 27. b5
{[%clk 0:43:23]} Ne5 {[%clk 0:35:33]} 28. Rxa7 {[%clk 0:43:37]} Rxa7
{[%clk 0:32:36]} 29. Rxa7 {[%clk 0:43:54]} f6 {[%clk 0:30:43]} 30. c6 1-0

[Event "II Torneio Aberto Internacional de Xadrez de Ferreira do Alentejo"]
[Site "Ferreira do Alentejo - Portugal"]
[Date "2019.12.17"]
[Round "1.10"]
[White "Dong, Fabio"]
[Black "Nie, Xin"]
[Result "0-1"]
[BlackElo "2210"]
[WhiteElo "1550"]
[LiveChessVersion "1.4.8"]

1. c4 {[%clk 1:30:55]} Nf6 {[%clk 1:30:34]} 2. Nc3 {[%clk 1:31:15]} e6
{[%clk 1:30:33]} 3. e4 {[%clk 1:31:26]} Bb4 {[%clk 1:26:30]} 4. e5
{[%clk 1:25:57]} Ng8 {[%clk 1:21:32]} 5. d4 {[%clk 1:21:24]} c5 {[%clk 1:17:50]}
6. a3 {[%clk 1:15:55]} cxd4 {[%clk 1:16:08]} 7. axb4 {[%clk 1:12:10]} dxc3
{[%clk 1:16:37]} 8. bxc3 {[%clk 1:12:22]} Qc7 {[%clk 1:14:01]} 9. Qd6
{[%clk 1:05:15]} Qxd6 {[%clk 1:04:39]} 10. exd6 {[%clk 1:05:34]} b6
{[%clk 1:04:34]} 11. Be3 {[%clk 1:04:51]} Bb7 {[%clk 1:05:02]} 12. Nf3
{[%clk 1:02:04]} Nc6 {[%clk 1:01:43]} 13. Be2 {[%clk 0:58:39]} Nf6
{[%clk 1:01:56]} 14. b5 {[%clk 0:49:04]} Na5 {[%clk 0:58:41]} 15. c5
{[%clk 0:44:06]} Nb3 {[%clk 0:57:22]} 16. Ra3 {[%clk 0:36:50]} Nxc5
{[%clk 0:57:44]} 17. O-O {[%clk 0:36:51]} Nfe4 {[%clk 0:55:34]} 18. Rfa1
{[%clk 0:34:53]} Nxd6 {[%clk 0:51:21]} 19. Rxa7 {[%clk 0:34:31]} Rxa7
{[%clk 0:51:36]} 20. Rxa7 {[%clk 0:33:38]} Ke7 {[%clk 0:49:07]} 21. Nd4
{[%clk 0:27:10]} Ra8 {[%clk 0:48:42]} 22. Rxa8 {[%clk 0:25:43]} Bxa8
{[%clk 0:49:11]} 23. f3 {[%clk 0:22:50]} Bd5 {[%clk 0:48:31]} 24. Kf2
{[%clk 0:22:44]} Na4 {[%clk 0:47:04]} 25. Bd2 {[%clk 0:22:25]} Nc4
{[%clk 0:44:12]} 26. Bxc4 {[%clk 0:18:49]} Bxc4 {[%clk 0:44:40]} 27. Ke3
{[%clk 0:16:59]} Kd6 {[%clk 0:44:04]} 28. Ke4 {[%clk 0:15:50]} f5+
{[%clk 0:43:15]} 29. Kf4 {[%clk 0:15:44]} e5+ {[%clk 0:43:15]} 30. Kxf5
{[%clk 0:15:43]} exd4 {[%clk 0:43:36]} 31. cxd4 {[%clk 0:15:58]} Kd5
{[%clk 0:44:03]} 32. Be3 {[%clk 0:15:27]} Bxb5 {[%clk 0:44:29]} 33. h4
{[%clk 0:15:07]} Bd3+ {[%clk 0:44:57]} 34. Kf4 {[%clk 0:15:25]} b5 0-1